000 00398nam a2200157Ia 4500
008 230524s9999 xx 000 0 und d
020 _a818732838x
082 _a4
_bKRI
100 _aN.Krishnan
245 0 _aComputer Fundamentals and Windows with Internet Technology
260 _aCHENNAI
_bScitech
_c2001
300 _aX;365
500 _aQuantity Number: 3
650 _aComp-Sc
942 _cBK
999 _c5722
_d5722